00257 a2200121 4500001000700000020001800007040001100025100001700036240003600053245003100089300000600120362000900126186086 a0-435-27845-6 cMagnum aNevile, Jill10aThe picture of Dorian GraylING10aThe picture of Dorian Gray a 0 a2002